[Event "ITT Pre Jahv Mcgregor"]
[Site "Silvania COL"]
[Date "2011.12.01"]
[Round "3"]
[White "Zuluaga,C"]
[Black "Ortiz Suarez,I"]
[Result "1-0"]
[WhiteTitle "FM"]
[BlackTitle "GM"]
[WhiteElo "2365"]
[BlackElo "2553"]
[WhiteFideId "4401492"]
[BlackFideId "3507165"]
[EventDate "2011.11.30"]

1. d4 Nf6 2. Nf3 e6 3. Bf4 c5 4. e3 Nc6 5. c3 Nh5 6. Bg3 Be7 7. Nbd2 cxd4 8.
cxd4 O-O 9. Ne5 g6 10. Nd3 d6 11. Be2 Nxg3 12. hxg3 Kg7 13. Ne4 e5 14. d5 Qa5+
15. Nc3 Nb4 16. Nxb4 Qxb4 17. a3 Qb6 18. g4 Bd7 19. Qd2 h6 20. O-O f5 21. gxf5
gxf5 22. a4 a6 23. a5 Qb4 24. Nb1 Qh4 25. Rc1 Rac8 26. Na3 f4 27. Rxc8 fxe3 28.
Qxe3 Bxc8 29. g3 Qb4 30. Nc4 Bd7 31. Qa3 Qxa3 32. Rxa3 Bb5 33. Bf1 Rc8 34. Ne3
Rc1 35. Kg2 Rc5 36. Rb3 Kg6 37. Bxb5 axb5 38. Rb4 Bg5 39. f4 exf4 40. gxf4 Bf6
41. Re4 Kf7 42. b4 Rc7 43. Nf5 Rd7 44. Nxh6+ Kg6 45. Re6 Kg7 46. Nf5+ Kg6 47.
Nxd6 Rd8 48. Kf3 Rf8 49. Ne4 1-0

[Event "ITT Pre Jahv Mcgregor"]
[Site "Silvania COL"]
[Date "2011.12.01"]
[Round "3"]
[White "Shoker,S"]
[Black "Rios,Cr"]
[Result "1/2-1/2"]
[WhiteTitle "IM"]
[BlackTitle "FM"]
[WhiteElo "2512"]
[BlackElo "2388"]
[WhiteFideId "627143"]
[BlackFideId "4403940"]
[EventDate "2011.11.30"]

1. g3 Nf6 2. Bg2 e5 3. d3 Nc6 4. Nf3 Bc5 5. O-O d6 6. c4 O-O 7. Nc3 Ne7 8. Na4
Bb6 9. b4 c6 10. Nxb6 axb6 11. Bb2 Ng6 12. h3 Qe7 13. a3 Ne8 14. e3 f5 15. Nd2
Qg5 16. c5 bxc5 17. bxc5 d5 18. e4 fxe4 19. dxe4 d4 20. a4 Be6 21. h4 Nxh4 22.
gxh4 Qxh4 23. Ra3 Nf6 24. Nf3 Qh5 25. Nh2 Qxd1 26. Rxd1 Nd7 27. Nf3 Bg4 28. Rc1
Ra5 29. Nxd4 exd4 30. Bxd4 Be6 31. Rb1 Nxc5 32. Rc3 Ba2 33. Rb4 Ne6 34. Bb6 Rg5
35. Be3 Nf4 36. Bxf4 Rxf4 37. Rxb7 Rxe4 38. Rb8+ Kf7 39. Rb7+ Kg6 40. Rxc6+ Kh5
41. Rb5 Rxa4 42. Rxg5+ Kxg5 43. Rc5+ Kh6 44. Kh2 Bb1 45. Rc6+ g6 46. Rc7 Be4 47.
f3 Bd5 48. Kg3 Rb4 49. Rd7 Be6 50. Re7 Bf5 51. Rc7 Rd4 52. Ra7 g5 53. Ra6+ Kg7
54. Ra7+ Rd7 55. Ra5 Rf7 56. Bf1 h5 57. Bc4 h4+ 58. Kg2 Rf8 59. Rd5 Kf6 60. Kf2
Kg7 61. Kg2 Kg6 62. Bd3 Bxd3 63. Rxd3 Ra8 64. Rd6+ Kf5 65. Rd5+ Kf4 66. Rd2 Ra4
67. Rc2 Ke3 68. Rc3+ Kd4 69. Rc2 Kd3 70. Rc5 1/2-1/2

[Event "ITT Pre Jahv Mcgregor"]
[Site "Silvania COL"]
[Date "2011.12.01"]
[Round "3"]
[White "Martinez Romero,M"]
[Black "Uribe Arteaga,D"]
[Result "1-0"]
[WhiteElo "2343"]
[BlackElo "2228"]
[WhiteFideId "4404025"]
[BlackFideId "4403320"]
[EventDate "2011.11.30"]

1. c4 Nf6 2. Nc3 g6 3. g3 Bg7 4. Bg2 O-O 5. d4 d6 6. Nf3 Nc6 7. O-O a6 8. d5 Na5
9. Nd2 c5 10. Qc2 Rb8 11. a4 e6 12. Ra2 exd5 13. cxd5 b5 14. axb5 axb5 15. b3
Re8 16. Bb2 b4 17. Nce4 Nxe4 18. Nxe4 c4 19. Bxg7 Kxg7 20. bxc4 f6 21. Nxd6 Re5
22. Qa4 Ra8 23. Qxb4 Nc6 24. Qd2 Rxa2 25. Qxa2 Nb4 26. Qa7+ 1-0

[Event "ITT Pre Jahv Mcgregor"]
[Site "Silvania COL"]
[Date "2011.12.01"]
[Round "3"]
[White "Becerra,J"]
[Black "Rojas Barrero,A"]
[Result "1-0"]
[WhiteElo "2280"]
[BlackElo "2249"]
[WhiteFideId "4404998"]
[BlackFideId "4404149"]
[EventDate "2011.11.30"]

1. e4 e5 2. Nf3 Nc6 3. Bb5 a6 4. Ba4 Nf6 5. Qe2 b5 6. Bb3 Be7 7. d3 O-O 8. O-O
d6 9. Re1 Na5 10. h3 Nxb3 11. axb3 Bb7 12. Nbd2 Nd7 13. g4 g6 14. Nf1 f5 15.
gxf5 gxf5 16. Ng3 f4 17. Nf5 Kh8 18. Kh2 Qe8 19. Rg1 Bf6 20. Bd2 Nc5 21. b4 Ne6
22. Rg4 Ng7 23. Nxg7 Bxg7 24. Rag1 Bf6 25. Nh4 Bxh4 26. Rxh4 Qf7 27. Rxf4 Qe6
28. Rh4 Rf7 29. f4 Raf8 30. f5 Qd7 31. Rhg4 1-0

[Event "ITT Pre Jahv Mcgregor"]
[Site "Silvania COL"]
[Date "2011.12.02"]
[Round "4"]
[White "Uribe Arteaga,D"]
[Black "Becerra,J"]
[Result "1-0"]
[WhiteElo "2228"]
[BlackElo "2280"]
[WhiteFideId "4403320"]
[BlackFideId "4404998"]
[EventDate "2011.11.30"]

1. d4 d5 2. c4 e6 3. Nc3 c6 4. Nf3 dxc4 5. a4 Bb4 6. e3 b5 7. Bd2 a5 8. axb5
Bxc3 9. Bxc3 cxb5 10. b3 Bb7 11. bxc4 b4 12. Bd2 Nf6 13. Bd3 O-O 14. Qc2 Nbd7
15. e4 e5 16. d5 Qc7 17. Bg5 Rfc8 18. O-O Ne8 19. Nh4 Nd6 20. Rfc1 Nc5 21. Rab1
Ba6 22. Nf5 Nxf5 23. exf5 Nxd3 24. Qxd3 f6 25. Be3 Bxc4 26. Qe4 Rab8 27. d6 Qc6
28. Qg4 Rb7 29. h4 b3 30. d7 Rxd7 31. Rxb3 Bxb3 32. Rxc6 Rxc6 33. h5 a4 34. h6
Rb7 35. Qh5 Bf7 36. Qd1 gxh6 37. Bxh6 Kh8 38. Qxa4 Rbc7 39. Qa3 Bg8 40. Qf8 Rf7
41. Qe8 Rc4 42. f3 Rh4 43. Bf8 Rf4 44. Qc8 Rxf5 45. Qxf5 Rxf8 46. g4 h6 47. Qg6
Bh7 48. Qxh6 Rf7 49. Kf2 Kg8 50. g5 fxg5 51. Qxg5+ Kf8 52. Qxe5 Kg8 53. Kg3 Bf5
54. Kh4 Bh7 55. Kg5 Rxf3 56. Qd5+ Rf7 57. Kh6 Bb1 58. Qg5+ Bg6 59. Qd8+ Rf8 60.
Qd5+ 1-0

[Event "ITT Pre Jahv Mcgregor"]
[Site "Silvania COL"]
[Date "2011.12.02"]
[Round "4"]
[White "Rios,Cr"]
[Black "Cordova,E"]
[Result "0-1"]
[WhiteTitle "FM"]
[BlackTitle "GM"]
[WhiteElo "2388"]
[BlackElo "2538"]
[WhiteFideId "4403940"]
[BlackFideId "3801497"]
[EventDate "2011.11.30"]

1. e4 c5 2. Nf3 Nc6 3. d4 cxd4 4. Nxd4 Nf6 5. Nc3 e5 6. Ndb5 d6 7. Bg5 a6 8. Na3
Be6 9. Nc4 Rc8 10. Bxf6 gxf6 11. Ne3 Bh6 12. Ncd5 Bxe3 13. Nxe3 Qb6 14. Bd3 Qb4+
15. Qd2 Qxb2 16. O-O Qd4 17. c4 Rg8 18. Rab1 Rb8 19. Nd5 Rg6 20. Kh1 f5 21. Qe2
f4 22. c5 Qxc5 23. Rfc1 Qa7 24. Nb6 Kf8 25. Bc4 Kg7 26. Bxe6 fxe6 27. Qb2 Rd8
28. Na4 Rd7 29. Nb6 Rd8 30. Na4 Kg8 31. Qxb7 Qxb7 32. Rxb7 Nd4 33. Rcc7 d5 34.
Nc5 Nb5 35. Rd7 Rxd7 36. Rxd7 Nc3 37. f3 a5 38. Nd3 Rg5 39. Nc5 Rg7 40. Rxg7+
Kxg7 41. Nxe6+ Kf6 42. exd5 Nxa2 43. Nc5 Nc3 44. Nd7+ Ke7 45. Nxe5 Nxd5 46. Nc4
a4 47. g4 Ne3 48. Na3 Kf7 49. Kg1 Kg6 50. h4 h5 51. gxh5+ Kxh5 52. Kh1 Kxh4 53.
Kh2 Kh5 54. Kh1 Kg5 55. Kg1 Nf5 56. Kf2 Nd4 57. Kg2 Kh4 58. Kf2 Kh3 59. Nc4 Nc2 0-1

[Event "ITT Pre Jahv Mcgregor"]
[Site "Silvania COL"]
[Date "2011.12.02"]
[Round "4"]
[White "Zuluaga,C"]
[Black "Shoker,S"]
[Result "0-1"]
[WhiteTitle "FM"]
[BlackTitle "IM"]
[WhiteElo "2365"]
[BlackElo "2512"]
[WhiteFideId "4401492"]
[BlackFideId "627143"]
[EventDate "2011.11.30"]

1. d4 d6 2. c4 g6 3. Nc3 Bg7 4. g3 Nf6 5. Nf3 O-O 6. Bg2 Nbd7 7. O-O e5 8. h3
Re8 9. e4 a6 10. a4 exd4 11. Nxd4 Nc5 12. Re1 a5 13. Kh2 c6 14. Bf4 Nfd7 15. Be3
Qb6 16. Qc2 Ne5 17. Bf1 Qb4 18. Na2 Qxa4 19. b3 Nxb3 20. Nxb3 Nf3+ 21. Kg2 Nxe1+
22. Rxe1 d5 23. Bd2 dxc4 24. Bxc4 b5 25. Bf1 Be6 26. Nac1 Bc4 27. Bxc4 Qxc4 28.
Qxc4 bxc4 29. Nc5 a4 30. Na2 Reb8 31. Bc3 Rb5 32. Bxg7 Kxg7 33. Nd7 Rd8 34. Rd1
a3 35. Nc3 Rb3 36. Nc5 Rxd1 37. Nxd1 a2 0-1

[Event "ITT Pre Jahv Mcgregor"]
[Site "Silvania COL"]
[Date "2011.12.02"]
[Round "5"]
[White "Shoker,S"]
[Black "Ortiz Suarez,I"]
[Result "0-1"]
[WhiteTitle "IM"]
[BlackTitle "GM"]
[WhiteElo "2512"]
[BlackElo "2553"]
[WhiteFideId "627143"]
[BlackFideId "3507165"]
[EventDate "2011.11.30"]

1. g3 c5 2. Bg2 Nc6 3. c4 g6 4. Nc3 Bg7 5. a3 d6 6. Nf3 e6 7. b4 Nge7 8. Rb1 O-O
9. h4 b6 10. h5 Bb7 11. hxg6 hxg6 12. bxc5 dxc5 13. Ne4 Qd7 14. Qb3 Na5 15. Qe3
Nf5 16. Qf4 Qa4 17. Nh4 Qc2 18. Nxf5 exf5 19. Qh4 Rfe8 20. Nf6+ Bxf6 21. Qxf6
Rxe2+ 22. Kf1 Qd1# 0-1

[Event "ITT Pre Jahv Mcgregor"]
[Site "Silvania COL"]
[Date "2011.12.02"]
[Round "5"]
[White "Cordova,E"]
[Black "Zuluaga,C"]
[Result "1/2-1/2"]
[WhiteTitle "GM"]
[BlackTitle "FM"]
[WhiteElo "2538"]
[BlackElo "2365"]
[WhiteFideId "3801497"]
[BlackFideId "4401492"]
[EventDate "2011.11.30"]

1. d4 d5 2. c4 c6 3. Nf3 Nf6 4. Nc3 a6 5. e3 Bf5 6. Qb3 Ra7 7. Nh4 Bg6 8. Nxg6
hxg6 9. Bd3 e6 10. Qc2 Bd6 11. h3 Nbd7 12. Bd2 b5 13. b3 1/2-1/2

[Event "ITT Pre Jahv Mcgregor"]
[Site "Silvania COL"]
[Date "2011.12.02"]
[Round "5"]
[White "Becerra,J"]
[Black "Perez Rodriguez,L"]
[Result "1/2-1/2"]
[BlackTitle "GM"]
[WhiteElo "2280"]
[BlackElo "2475"]
[WhiteFideId "4404998"]
[BlackFideId "3503364"]
[EventDate "2011.11.30"]

1. e4 e5 2. Nf3 Nc6 3. Bb5 a6 4. Ba4 Nf6 5. Qe2 b5 6. Bb3 Be7 7. d3 O-O 8. Nbd2
d5 9. c3 Bb7 10. O-O Re8 11. Re1 Bf8 12. Nf1 h6 13. h3 Na5 14. Bc2 c5 15. g4 c4
16. Ng3 cxd3 17. Bxd3 dxe4 18. Nxe4 Nxe4 19. Bxe4 Qc8 20. Nh4 g6 21. Qf3 Bxe4
22. Qxe4 Qc4 23. Qxc4 Nxc4 24. b3 Nb6 25. Rd1 Rad8 26. Rxd8 Rxd8 27. Be3 Nd5 28.
Rd1 Be7 29. Nf3 e4 30. Ne1 Nxc3 31. Rxd8+ Bxd8 32. Bxh6 g5 33. h4 f6 34. hxg5
fxg5 35. Kf1 Nxa2 36. f4 Nc1 37. b4 Kh7 38. Bxg5 Bxg5 39. fxg5 Na2 40. Ke2 Nxb4
41. Ke3 Kg6 42. Kxe4 Kxg5 1/2-1/2

[Event "ITT Pre Jahv Mcgregor"]
[Site "Silvania COL"]
[Date "2011.12.02"]
[Round "5"]
[White "Rojas Barrero,A"]
[Black "Uribe Arteaga,D"]
[Result "1-0"]
[WhiteElo "2249"]
[BlackElo "2228"]
[WhiteFideId "4404149"]
[BlackFideId "4403320"]
[EventDate "2011.11.30"]

1. e4 g6 2. d4 Bg7 3. Nc3 c6 4. h3 d5 5. e5 Nh6 6. g4 f6 7. f4 O-O 8. Nf3 fxe5
9. dxe5 e6 10. Bg2 c5 11. O-O a6 12. a4 Nc6 13. Ne2 Bd7 14. c3 Qe7 15. Be3 b5
16. a5 b4 17. Qd2 Nf7 18. g5 bxc3 19. bxc3 Rfb8 20. h4 Rb5 21. h5 Nxa5 22. hxg6
hxg6 23. Rxa5 Rxa5 24. Nh4 Ra4 25. Nxg6 Qe8 26. Bxc5 Nd6 27. Bxd5 Nc4 28. Qd3
exd5 29. Qxd5+ Kh7 30. Qh1+ Kxg6 31. f5+ Bxf5 32. Nf4+ Kf7 33. Qd5+ Qe6 34. g6+
Kg8 35. Nxe6 Nb6 36. Bxb6 Rg4+ 37. Kf2 Be4 38. Qd7 Rxg6 39. Ke3 Bg2 40. Qf7+ Kh7
41. Rf6 Rg3+ 42. Kf2 Rg4 43. Qh5+ 1-0

[Event "ITT Pre Jahv Mcgregor"]
[Site "Silvania COL"]
[Date "2011.12.03"]
[Round "6"]
[White "Ortiz Suarez,I"]
[Black "Uribe Arteaga,D"]
[Result "1-0"]
[WhiteTitle "GM"]
[WhiteElo "2553"]
[BlackElo "2228"]
[WhiteFideId "3507165"]
[BlackFideId "4403320"]
[EventDate "2011.11.30"]

1. e4 c5 2. Nf3 d6 3. d4 cxd4 4. Nxd4 Nf6 5. Nc3 g6 6. Be3 Bg7 7. f3 O-O 8. Qd2
Nc6 9. Bc4 Bd7 10. Bb3 Rc8 11. h4 h5 12. O-O-O Ne5 13. Kb1 Re8 14. g4 hxg4 15.
h5 Nxh5 16. Rdg1 Rxc3 17. bxc3 Qa5 18. f4 Nc6 19. f5 Ne5 20. Bh6 Bf6 21. Bg5 Kg7
22. Bh6+ Kh7 23. Bf4 e6 24. Rf1 Rc8 25. Bg5 Bg7 26. Rxh5+ gxh5 27. Qh2 exf5 28.
Qxh5+ Kg8 29. Rh1 Nc4 30. Be7 f6 31. Nxf5 Bxf5 32. Bxc4+ 1-0

[Event "ITT Pre Jahv Mcgregor"]
[Site "Silvania COL"]
[Date "2011.12.03"]
[Round "6"]
[White "Perez Rodriguez,L"]
[Black "Rojas Barrero,A"]
[Result "1/2-1/2"]
[WhiteTitle "GM"]
[WhiteElo "2475"]
[BlackElo "2249"]
[WhiteFideId "3503364"]
[BlackFideId "4404149"]
[EventDate "2011.11.30"]

1. d4 d5 2. c4 e6 3. Nc3 Nf6 4. Nf3 c6 5. Bg5 dxc4 6. e4 b5 7. e5 h6 8. Bh4 g5
9. exf6 gxh4 10. Ne5 Qxf6 11. g3 Nd7 12. Qe2 Bb7 13. Bg2 Nxe5 14. dxe5 Qe7 15.
a4 Bg7 16. O-O O-O 17. Qh5 hxg3 18. hxg3 a6 19. Ne4 Rab8 20. Rfe1 c5 21. Nd6
Bxg2 22. Kxg2 f6 23. exf6 Qxf6 24. Re2 Qd4 25. Ne4 Rf5 26. Qg6 Qd5 27. f3 Rbf8
28. Rf1 b4 29. g4 Rf4 30. Rd2 Qe5 31. Rh1 Rxe4 32. fxe4 Qf6 33. Qxf6 Bxf6 34.
Rxh6 Kg7 35. Rh1 c3 36. bxc3 Bxc3 37. Rd7+ Rf7 38. Rxf7+ Kxf7 39. Kf3 c4 40. Ke2
b3 41. Rc1 a5 42. Kd1 b2 43. Rb1 Bd4 44. Kc2 c3 45. Rf1+ Kg6 46. Rf8 Kg5 47. Ra8
Kxg4 48. Rxa5 Kf4 49. Ra6 e5 50. a5 Kxe4 51. Rd6 Ke3 52. Rh6 b1=Q+ 53. Kxb1 Kd2
54. Rh2+ Kd3 55. Rh3+ Kd2 56. Rh2+ Kd3 57. Rh3+ Kd2 58. Rh2+ Kd3 59. Rh3+ 1/2-1/2

[Event "ITT Pre Jahv Mcgregor"]
[Site "Silvania COL"]
[Date "2011.12.03"]
[Round "6"]
[White "Rios,Cr"]
[Black "Becerra,J"]
[Result "0-1"]
[WhiteTitle "FM"]
[WhiteElo "2388"]
[BlackElo "2280"]
[WhiteFideId "4403940"]
[BlackFideId "4404998"]
[EventDate "2011.11.30"]

1. d4 Nf6 2. c4 g6 3. Nc3 Bg7 4. e4 d6 5. f4 O-O 6. Nf3 c5 7. d5 e6 8. Be2 exd5
9. cxd5 Re8 10. Nd2 a6 11. a4 Qc7 12. O-O Nfd7 13. e5 dxe5 14. Nc4 e4 15. d6 Qc6
16. Nb5 axb5 17. axb5 Rxa1 18. bxc6 Nxc6 19. Ne5 Nd4 20. Bc4 Bxe5 21. fxe5 Nxe5
22. b3 Nxc4 23. bxc4 Rxc1 24. Qa4 b5 25. cxb5 Rxf1+ 26. Kxf1 Bd7 27. Qa7 Bxb5+
28. Ke1 Nc2+ 29. Kd2 e3+ 30. Kxc2 e2 31. d7 Bxd7 0-1

[Event "ITT Pre Jahv Mcgregor"]
[Site "Silvania COL"]
[Date "2011.12.03"]
[Round "6"]
[White "Zuluaga,C"]
[Black "Martinez Romero,M"]
[Result "0-1"]
[WhiteTitle "FM"]
[WhiteElo "2365"]
[BlackElo "2343"]
[WhiteFideId "4401492"]
[BlackFideId "4404025"]
[EventDate "2011.11.30"]

1. d4 Nf6 2. c4 g6 3. Nf3 Bg7 4. g3 O-O 5. Nc3 d5 6. Qb3 dxc4 7. Qxc4 Be6 8. Qa4
Nc6 9. Bg2 Nd7 10. e3 Nb6 11. Qc2 Bc4 12. Bf1 Bxf1 13. Kxf1 Qd7 14. Kg2 Rad8 15.
Qb3 e5 16. d5 e4 17. Nxe4 Qxd5 18. Qxd5 Rxd5 19. Nc3 Bxc3 20. bxc3 Rd3 21. Bb2
Nc4 22. Rab1 Rfd8 23. Nd4 N6e5 24. Bc1 b6 25. h4 h5 26. e4 Rxc3 27. Nb5 Rc2 28.
Nxc7 Nd6 29. Bg5 Rd7 30. Bf4 Ng4 31. Bxd6 Rxf2+ 32. Kh3 Rxd6 33. Nd5 Rxa2 34.
Ra1 Rd2 35. Rxa7 Nf2+ 36. Kg2 Nxh1+ 37. Kxh1 0-1

[Event "ITT Pre Jahv Mcgregor"]
[Site "Silvania COL"]
[Date "2011.12.03"]
[Round "6"]
[White "Shoker,S"]
[Black "Cordova,E"]
[Result "0-1"]
[WhiteTitle "IM"]
[BlackTitle "GM"]
[WhiteElo "2512"]
[BlackElo "2538"]
[WhiteFideId "627143"]
[BlackFideId "3801497"]
[EventDate "2011.11.30"]

1. Nf3 c5 2. g3 g6 3. Bg2 Bg7 4. c4 Nc6 5. Nc3 d6 6. O-O e6 7. d3 Nge7 8. Bd2
O-O 9. a3 b6 10. Rb1 Bb7 11. b4 Qd7 12. Qa4 Rfd8 13. Rfc1 h6 14. Qd1 Kh7 15. Nb5
f5 16. e3 g5 17. d4 g4 18. Nh4 cxd4 19. exd4 Nxd4 20. Bxb7 Qxb7 21. Bxh6 Nf3+
22. Nxf3 Bxh6 23. Nfd4 Qd7 24. Rc2 e5 25. Nb3 Rac8 26. Qe2 a6 27. Nc3 Qe6 28.
Na4 b5 29. Nb6 Rb8 30. Nd5 Nxd5 31. cxd5 Qxd5 32. Rc7+ Kg6 33. Na5 Rbc8 34. Rd1
Qf3 35. Qxf3 gxf3 36. Rxc8 Rxc8 37. Rxd6+ Kh7 38. Nc6 e4 39. h4 f4 40. gxf4 Bxf4
41. Rf6 Rg8+ 42. Kh1 Rg4 43. Ne7 Rxh4+ 44. Kg1 Rg4+ 45. Kf1 Bh2 46. Rf7+ Rg7 47.
Rxg7+ Kxg7 48. Nd5 Be5 49. Ke1 Kf7 50. Kd1 Ke6 51. Ne3 Bd4 52. Ng4 Kf5 53. Nh6+
Kg6 54. Ng4 Kg5 0-1

[Event "ITT Pre Jahv Mcgregor"]
[Site "Silvania COL"]
[Date "2011.12.03"]
[Round "7"]
[White "Martinez Romero,M"]
[Black "Shoker,S"]
[Result "1/2-1/2"]
[BlackTitle "IM"]
[WhiteElo "2343"]
[BlackElo "2512"]
[WhiteFideId "4404025"]
[BlackFideId "627143"]
[EventDate "2011.11.30"]

1. b3 Nf6 2. Bb2 g6 3. c4 Bg7 4. g3 O-O 5. Bg2 d6 6. Nf3 Nbd7 7. d4 e5 8. dxe5
dxe5 9. O-O e4 10. Ne1 Re8 11. Nc3 c6 12. Nc2 Qa5 13. Ne3 h5 14. Qc2 h4 15. Rfd1
hxg3 16. hxg3 Qh5 17. Rab1 Bh6 18. Nxe4 Rxe4 19. Bxe4 Bxe3 20. Kg2 Bxf2 21. Rh1
Qg5 22. Kxf2 Ne5 23. Bxe5 Ng4+ 24. Kg2 Qxe5 25. Qd3 Be6 26. Bf3 Re8 27. e4 Qg5
28. Bxg4 Bxg4 29. Qd4 Bh5 30. Rb2 c5 31. Qd5 Bf3+ 32. Kxf3 Qf6+ 33. Ke3 Qc3+ 34.
Qd3 Qxb2 35. Kf3 Qf6+ 36. Kg2 Rd8 37. Qe2 Rd4 38. Rd1 Rxd1 39. Qxd1 Qb2+ 40. Kh3
Qxa2 41. Qd8+ Kg7 42. Qd5 Qxb3 43. Qe5+ Kh7 44. Qxc5 Qf3 45. Qxa7 Qh1+ 46. Kg4
Qxe4+ 47. Kh3 Qh1+ 48. Kg4 Qh5+ 49. Kf4 Qf5+ 50. Ke3 1/2-1/2

[Event "ITT Pre Jahv Mcgregor"]
[Site "Silvania COL"]
[Date "2011.12.03"]
[Round "7"]
[White "Rojas Barrero,A"]
[Black "Rios,Cr"]
[Result "0-1"]
[BlackTitle "FM"]
[WhiteElo "2249"]
[BlackElo "2388"]
[WhiteFideId "4404149"]
[BlackFideId "4403940"]
[EventDate "2011.11.30"]

1. e4 c5 2. Nf3 e6 3. d4 cxd4 4. Nxd4 Nf6 5. Nc3 d6 6. g4 h6 7. h3 a6 8. Be3 g5
9. Qd2 b5 10. Bg2 Bb7 11. a3 Nbd7 12. O-O Ne5 13. Qe2 Nc4 14. Bc1 Rc8 15. b3 Ne5
16. Bb2 h5 17. Nf3 hxg4 18. Nxg5 Nh5 19. h4 Nf4 20. Qe3 Rxh4 21. Qxf4 Bh6 22.
Nxe6 Bxf4 23. Nxd8 Bh2+ 24. Kh1 Kxd8 25. Rad1 Nf3 26. Bxf3 gxf3 27. Rd3 Kd7 28.
Rxf3 Rg8 29. Rxf7+ Ke8 0-1

[Event "ITT Pre Jahv Mcgregor"]
[Site "Silvania COL"]
[Date "2011.12.03"]
[Round "7"]
[White "Uribe Arteaga,D"]
[Black "Perez Rodriguez,L"]
[Result "0-1"]
[BlackTitle "GM"]
[WhiteElo "2228"]
[BlackElo "2475"]
[WhiteFideId "4403320"]
[BlackFideId "3503364"]
[EventDate "2011.11.30"]

1. e4 e5 2. Nf3 Nc6 3. d4 exd4 4. Nxd4 d6 5. Bb5 Bd7 6. Bxc6 bxc6 7. Nc3 g6 8.
O-O Bg7 9. f4 Qh4 10. e5 dxe5 11. fxe5 Nh6 12. Nf3 Qc4 13. Bg5 Bg4 14. h3 Bxf3
15. Qxf3 O-O 16. Rae1 Nf5 17. g4 Nd4 18. Qf2 h6 19. Bf6 Bxf6 20. exf6 Rfe8 21.
Qf4 g5 22. Qf2 Qc5 23. Re7 Rad8 24. Rxc7 Nf3+ 25. Kh1 Rd2 26. Qxf3 Qe5 27. Rf2
Rxf2 28. Qxf2 Qxc7 29. Ne2 Qe5 30. Nd4 Qd5+ 31. Kh2 Qd6+ 32. Kg2 Qd5+ 33. Kh2
Re4 34. Nf5 Qe5+ 35. Qg3 Re2+ 36. Kg1 Qxg3+ 0-1

[Event "ITT Pre Jahv Mcgregor"]
[Site "Silvania COL"]
[Date "2011.12.04"]
[Round "8"]
[White "Zuluaga,C"]
[Black "Rojas Barrero,A"]
[Result "1-0"]
[WhiteTitle "FM"]
[WhiteElo "2365"]
[BlackElo "2249"]
[WhiteFideId "4401492"]
[BlackFideId "4404149"]
[EventDate "2011.11.30"]

1. d4 Nf6 2. c4 c5 3. d5 e6 4. Nc3 exd5 5. cxd5 g6 6. Nf3 d6 7. Qa4+ Nbd7 8. e4
a6 9. Bf4 Rb8 10. Qc2 Nh5 11. Be3 b5 12. Be2 Bg7 13. O-O O-O 14. a4 b4 15. Nd1
Re8 16. Nd2 Nhf6 17. Rc1 b3 18. Qb1 Qe7 19. Nc3 Rb4 20. a5 Qd8 21. Qa1 Ne5 22.
h3 Re7 23. Rfe1 Ne8 24. Bf1 f5 25. Bg5 Nf6 26. f3 Nf7 27. Bh4 g5 28. Bf2 g4 29.
hxg4 fxg4 30. f4 g3 31. Bxg3 Nh5 32. Bh4 Bd4+ 33. Kh2 Nh6 34. Be2 Qf8 35. Rf1
Nxf4 36. g3 Rf7 37. gxf4 Rxf4 38. Bg3 Be5 39. Rxf4 Bxf4 40. Rf1 Bxg3+ 41. Kxg3
Qg7+ 42. Kf2 Ng4+ 43. Bxg4 Qd4+ 44. Kg3 Bxg4 45. Kxg4 Rb7 46. Nf3 Rg7+ 47. Ng5
Qe3 48. Rf5 h6 49. Qf1 1-0

[Event "ITT Pre Jahv Mcgregor"]
[Site "Silvania COL"]
[Date "2011.12.04"]
[Round "8"]
[White "Cordova,E"]
[Black "Martinez Romero,M"]
[Result "1/2-1/2"]
[WhiteTitle "GM"]
[WhiteElo "2538"]
[BlackElo "2343"]
[WhiteFideId "3801497"]
[BlackFideId "4404025"]
[EventDate "2011.11.30"]

1. d4 Nf6 2. c4 g6 3. Nf3 Bg7 4. Bf4 O-O 5. e3 d6 6. Be2 b6 7. Nc3 Bb7 8. O-O
Nbd7 9. h3 Re8 10. Rc1 h6 11. d5 a5 12. Nd4 Nc5 13. Bh2 Qd7 14. Bf3 Rad8 15. b3
e5 16. dxe6 fxe6 17. Bxb7 Nxb7 18. Qc2 e5 19. Nde2 Qf7 20. a3 c6 21. Na4 Nd7 22.
Rcd1 Re6 23. Nac3 Nf6 24. Na4 Nd7 1/2-1/2

[Event "Porec Open 2011"]
[Site "Porec CRO"]
[Date "2011.12.01"]
[Round "1.1"]
[White "Zaja,I"]
[Black "Ikica,A"]
[Result "1-0"]
[WhiteTitle "GM"]
[WhiteElo "2508"]
[BlackElo "2029"]
[WhiteFideId "14500450"]
[BlackFideId "14503581"]
[EventDate "2011.12.01"]

1. d4 c5 2. d5 g6 3. e4 Bg7 4. c4 b5 5. cxb5 a6 6. bxa6 Bxa6 7. Bxa6 Nxa6 8. Nf3
d6 9. O-O Nf6 10. Nc3 O-O 11. Re1 Ng4 12. Bf4 c4 13. h3 Ne5 14. Bxe5 dxe5 15.
Qa4 Qb6 16. Qxc4 Qxb2 17. Rab1 Qa3 18. Rb6 Qc5 19. Qxc5 Nxc5 20. Rc6 Na4 21. Nb5
Ra5 22. Rb1 Rb8 23. Na3 Rxb1+ 24. Nxb1 Bf6 25. g4 h6 26. Nbd2 Nb2 27. Rc8+ Kh7
28. h4 g5 29. hxg5 hxg5 30. Rc2 Nd3 31. Nc4 Rc5 32. a3 Nf4 33. a4 Kg6 34. Ncxe5+ 1-0

[Event "Porec Open 2011"]
[Site "Porec CRO"]
[Date "2011.12.01"]
[Round "1.3"]
[White "Jovanic,O"]
[Black "Matijevic,Filip"]
[Result "1-0"]
[WhiteTitle "GM"]
[WhiteElo "2476"]
[BlackElo "2012"]
[WhiteFideId "14504081"]
[BlackFideId "14609746"]
[EventDate "2011.12.01"]

1. d4 Nf6 2. c4 g6 3. Nc3 d5 4. e3 Bg7 5. Qb3 c6 6. Nf3 O-O 7. Bd2 e6 8. Bd3
Nbd7 9. O-O Re8 10. Rfd1 b6 11. e4 dxe4 12. Bxe4 Nxe4 13. Nxe4 Qc7 14. Bc3 Qf4
15. Re1 c5 16. dxc5 Bxc3 17. Qxc3 Nxc5 18. Nf6+ 1-0

[Event "Porec Open 2011"]
[Site "Porec CRO"]
[Date "2011.12.01"]
[Round "1.4"]
[White "Samblic,S"]
[Black "Fercec,N"]
[Result "0-1"]
[BlackTitle "GM"]
[WhiteElo "2003"]
[BlackElo "2451"]
[WhiteFideId "14511835"]
[BlackFideId "14500299"]
[EventDate "2011.12.01"]

1. e4 c5 2. Nc3 a6 3. d3 b5 4. g3 Bb7 5. Bg2 e6 6. f4 Nf6 7. Nf3 b4 8. Ne2 c4 9.
e5 cxd3 10. cxd3 Nd5 11. O-O Qb6+ 12. Kh1 Be7 13. Ng5 Bxg5 14. fxg5 Ne3 15. Bxe3
Bxg2+ 16. Kxg2 Qxe3 17. d4 Qxg5 18. Qd3 Nc6 19. Nf4 O-O 20. h4 Qg4 21. Rae1 b3
22. axb3 Rab8 23. Re4 Na5 24. Nd5 Qh5 25. g4 Qxh4 26. Rh1 Rxb3 27. Rxh4 Rxd3 28.
Ne7+ Kh8 29. Rf4 g5 30. Ng6+ fxg6 31. Rxf8+ Kg7 32. Rxh7+ Kxh7 33. Rf7+ Kg8 34.
Rxd7 Nc6 35. Rd6 Nxd4 0-1